Serment Sacre Napoléon - Statistiques

Statistiques générales
  • Ce quiz a été pris 13 fois
  • Le résultat moyen est 41 sur 88
Statistiques - réponses
Réponse % Correct
n'
100%
Je
89%
jure
78%
d'
67%
de
67%
de
67%
de
67%
de
67%
de
67%
de
67%
de
67%
de
67%
de
67%
de
67%
de
67%
de
67%
de
67%
de
67%
et
67%
et
67%
et
67%
et
67%
l'
67%
l'
67%
l'
67%
l'
67%
l'
67%
la
67%
la
67%
la
67%
la
67%
la
67%
la
67%
la
67%
français
56%
des
44%
des
44%
des
44%
des
44%
du
44%
du
44%
du
44%
du
44%
les
44%
peuple
44%
qu'
44%
respecter
44%
respecter
44%
respecter
44%
biens
33%
civile
33%
Concordat
33%
dans
33%
droits
33%
égalité
33%
en
33%
faire
33%
honneur
33%
intégrité
33%
intérêt
33%
Légion
33%
liberté
33%
liberté
33%
loi
33%
lois
33%
maintenir
33%
maintenir
33%
nationaux
33%
ne
33%
République
33%
territoire
33%
aucun
22%
aucune
22%
bonheur
22%
cultes
22%
établir
22%
gloire
22%
gouverner
22%
impôt
22%
institution
22%
irrévocabilité
22%
lever
22%
politique
22%
seule
22%
taxe
22%
ventes
22%
vertu
22%
vue
22%
Aucun quiz correspondant
Distribution des résultats
% des personnes avec chaque résultat
Percentile par nombre de réponses
Votre historique - résultats
Vous n’avez pas pris ce quiz